Countries That Border Belarus - Statistics

General Stats
  • This quiz has been taken 29 times
  • The average score is 5 of 5
Answer Stats
Country % Correct
Russia
100%
Ukraine
100%
Lithuania
96%
Latvia
93%
Poland
93%
No matching quizzes found
Score Distribution
Percent of People with Each Score
Percentile by Number Answered
Your Score History
You have not taken this quiz